000 00872cam a22003011 4500
001 33348
005 20230410132956.0
008 801104s1966 sp b 000 0 spa
035 _9(DLC) 67121897
035 _a8487660
010 _a 67121897
035 _a(OCoLC)6900307
040 _aDLC
_cNBuU
_dDLC
042 _apremarc
050 1 4 _aB 809.8
_bF363h 1966
100 2 _aFernández Santos, Francisco.
245 1 0 _aHistoria y filosofía;
_bensayos de dialéctica /
_cFrancisco Fernández Santos.
250 _a[1. ed.]
260 _aMadrid :
_bEdiciones Península,
_c1966
300 _a236 p.
_c18 cm.
490 0 _aColección ibérica,
_v14
504 _aBibliographical footnotes.
650 0 _aDialectical materialism.
650 0 _aPhilosophy, Russian.
700 1 _aKosik, Karel.
942 _2lcc
_cbk
985 _eOCLC REPLACEMENT cdsdistr
999 _c91221
_d91221